Online katalóg knižníc regiónu Turca

5-minútové rozprávky na dobrú noc (Record no. 21061)

MARC details
000 -LEADER
fixed length control field 01543nam a2200445 a 4500
001 - CONTROL NUMBER
control field 21061
003 - CONTROL NUMBER IDENTIFIER
control field VRT
005 - DATE AND TIME OF LATEST TRANSACTION
control field 20260211123340.0
008 - FIXED-LENGTH DATA ELEMENTS--GENERAL INFORMATION
fixed length control field 180801s2010 xo a a 000 f slo
015 ## - NATIONAL BIBLIOGRAPHY NUMBER
National bibliography number SNBA2010/10-05722
020 ## - INTERNATIONAL STANDARD BOOK NUMBER
International Standard Book Number 9788081073069
Qualifying information (viaz.)
035 ## - SYSTEM CONTROL NUMBER
System control number 66E1EFC2-E67B-4BD7-86F9-DA8FD43B9118
035 ## - SYSTEM CONTROL NUMBER
System control number urn:nbn:sk:snk-amjwy6
035 ## - SYSTEM CONTROL NUMBER
System control number urn:nbn:sk:snk-am0084uw
039 #9 - LEVEL OF BIBLIOGRAPHIC CONTROL AND CODING DETAIL [OBSOLETE]
Level of rules in bibliographic description 202105271131
Level of effort used to assign nonsubject heading access points AUTHORITY
Level of effort used to assign subject headings 202105271125
Level of effort used to assign classification AUTHORITY
Level of effort used to assign subject headings 201808010810
Level of effort used to assign classification VLOAD
Level of effort used to assign subject headings 201511121706
Level of effort used to assign classification VLOAD
040 ## - CATALOGING SOURCE
Original cataloging agency SNK
Language of cataloging slo
Transcribing agency SNK
Description conventions AACR2
041 1# - LANGUAGE CODE
Language code of text/sound track or separate title slo
Language code of original eng
044 ## - COUNTRY OF PUBLISHING/PRODUCING ENTITY CODE
MARC country code xo
ISO country code SK
072 #7 - SUBJECT CATEGORY CODE
Subject category code 821-93
Subject category code subdivision Literatúra pre deti a mládež (beletria)
Source konspekt
080 ## - UNIVERSAL DECIMAL CLASSIFICATION NUMBER
Universal Decimal Classification number 821-34
Edition identifier 2001
080 ## - UNIVERSAL DECIMAL CLASSIFICATION NUMBER
Universal Decimal Classification number (0:82-34)
Edition identifier 2001
080 ## - UNIVERSAL DECIMAL CLASSIFICATION NUMBER
Universal Decimal Classification number 821-93
Edition identifier 2001
100 1# - MAIN ENTRY--PERSONAL NAME
Personal name Van Gool
Relationship ill
245 10 - TITLE STATEMENT
Title 5-minútové rozprávky na dobrú noc
Statement of responsibility, etc. Van Gool ; [z anglického vydania preložil Branislav Zorkócy
246 3# - VARYING FORM OF TITLE
Title proper/short title Päť-minútové rozprávky na dobrú noc
250 ## - EDITION STATEMENT
Edition statement 1. vyd.
260 ## - PUBLICATION, DISTRIBUTION, ETC.
Place of publication, distribution, etc. Bratislava
Name of publisher, distributor, etc. Svojtka & Co.
Date of publication, distribution, etc. 2010
300 ## - PHYSICAL DESCRIPTION
Extent 45 s.
Other physical details fareb. ilustr.
Dimensions 29 cm
655 #7 - INDEX TERM--GENRE/FORM
Genre/form data or focus term rozprávky
Source of term SNKPH
655 #7 - INDEX TERM--GENRE/FORM
Genre/form data or focus term publikácie pre deti
Source of term SNKPH
700 1# - ADDED ENTRY--PERSONAL NAME
Personal name Zorkócy, Branislav
Relationship trl
730 0# - ADDED ENTRY--UNIFORM TITLE
Uniform title 5 minute bedtime tales
942 ## - ADDED ENTRY ELEMENTS (KOHA)
Source of classification or shelving scheme Dewey Decimal Classification
Koha item type Krásna literatúra pre deti
Suppress in OPAC No
949 ## - LOCAL PROCESSING INFORMATION (OCLC)
6 17A0667855
a snkSB 79975
b snk2010/17713
o 1868/10
s 6100:20140925
949 ## - LOCAL PROCESSING INFORMATION (OCLC)
6 17A0667849
a snkSB 79975 D1
b snk2010/17714
o 1868/10
949 ## - LOCAL PROCESSING INFORMATION (OCLC)
6 273K0524770
a svkpoC 50945
b svkpo528711
949 ## - LOCAL PROCESSING INFORMATION (OCLC)
6 3869A19972
a bpksh821-34
b bpksh60284
980 ## - EQUIVALENCE OR CROSS-REFERENCE-SERIES STATEMENT--PERSONAL NAME/TITLE [LOCAL, CANADA]
Personal name 821-34
980 ## - EQUIVALENCE OR CROSS-REFERENCE-SERIES STATEMENT--PERSONAL NAME/TITLE [LOCAL, CANADA]
Personal name 821-93
Holdings
Stav vyradenia Strata Poškodenie Spôsob nadobudnutia Domovská knižnica Aktuálna knižnica Dátum nadobudnutia Total checkouts Čiarový kód exemplára Date last seen Typ exemplára
      Dar Mestská knižnica Turany Mestská knižnica Turany 11.02.2026   4712401295 11.02.2026 Krásna literatúra pre deti
Projekt je podporený Slovenskou asociáciou knižníc
Prevádzkuje Turčianska knižnica Martin 2026